| 000 | 00591nam a22001697a 4500 | ||
|---|---|---|---|
| 003 | OSt | ||
| 005 | 20260406160044.0 | ||
| 008 | 260406b |||||||| |||| 00| 0 eng d | ||
| 040 | _cMRSPTU | ||
| 041 | _aEnglish | ||
| 100 | _aShweta Thakur, Supervisor: Dr. Rahul Deshmukh | ||
| 245 | _aNeuroprotective Potential of Inosine In Experimental Sporadic Dementia of Alzheimer's Type In Rats | ||
| 260 |
_bDepartment of Pharmacy, MRSPTU, Bathinda _c2019 |
||
| 650 | _aPharmaceutical Sciences and Technology | ||
| 856 | _uhttp://163.47.215.52:8080/jspui/handle/123456789/108 | ||
| 942 |
_2ddc _cTH _n0 |
||
| 999 |
_c11306 _d11306 |
||